| 000 | 00891cam a2200277 4500 | ||
|---|---|---|---|
| 001 | J89026 | ||
| 008 | 090401t xxu||||| |||| 00| 0 eng d | ||
| 035 | _a(Sirsi) u83428 | ||
| 041 | _aeng | ||
| 050 | _a692.209495 | ||
| 110 |
_aInstitute of Building Control _93341 |
||
| 245 | _aReview of European building regulations and technical provisions: Greece. | ||
| 250 | _a(Rev. ed?) | ||
| 260 |
_aEpsom, Surrey _bInstitute of Building Control _c1997? |
||
| 300 | _a37p. ; 30cm. | ||
| 350 | _a25 | ||
| 520 | _aCover title. Review undertaken by the Institute of Building Control on behalf of the Department of the Environment. | ||
| 650 |
_aBUILDING CONTROL _96222 |
||
| 650 |
_aBUILDING REGULATIONS _96224 |
||
| 650 | _aDEPARTMENT OF THE ENVIRONMENT | ||
| 650 | _aEUROPE | ||
| 650 | _aGREECE | ||
| 690 | _aBUILDING AND CONSTRUCTION-REGULATIONS | ||
| 942 | _n0 | ||
| 948 | _c29/01/1998 | ||
| 999 |
_c96898 _d96898 |
||